000 00584cam a22001812 4500
001 0000009809
005 20151217160123.0
008 081130s xx 000 0 eng d
040 _aKABU
_cKABU
110 2 _aChild Study Association of America.
_@0000008850
245 1 0 _aNow you can read to yourself :
_beasy-to-read stories /
_cselected by the Child Study Association of America.
250 _a1st ed.
260 _aNew York :
_bT. Y. Crowell,
_c1964.
300 _a132 p.
852 1 _9p500 KES
908 _a081130
950 _@1
999 _c14571
_d14571